00428nam a2200121Ia 4500008004100000245006700041245003200108260000900140650001400149856005100163999001900214952007300233171211s9999 xx 000 0 und d aEconomic Market Design and Planning for Electric Power Systems cJames Momoh and Lamine Mili c2010 xECONOMICS uhttp://down.ebook777.com/064/9780470472088.pdf c349533d349533 001040aCLbCLd2017-12-11l0r2017-12-11 00:00:00w2017-12-11yCBE